000 01423nam0a22003011 4500
001 rc\4322935
005 20260531083837.0
021 _aRU
_b[63-12078]
035 _a(NLR Aleph) 008513318
090 _a8182617
_c8182617
100 _a20130416d1963 |||y0rusy50 ca
101 0 _arus
102 _aRU
105 _aa z |||||
200 1 _aГрафика
_eДоклады XXI науч. конференции
_f[Отв. ред. д-р архитектуры проф. Л.К. Абрамов]
_gМ-во высш. и сред. спец. образования РСФСР. Ленингр. ордена Трудового Красного Знамени инж.-строит. ин-т
210 _aЛенинград
_cБ. и.
_d1963
215 _a36 с.
_cил.
_d22
606 _aАрхитектура
_jСборники
_2psbo
606 _aГрафика
_jСборники
_2psbo
606 _aСкульптура
_jСборники
_2psbo
702 1 _4340
_7ca
_8rus
_aАбрамов
_bЛ. К.
_cд-р архитектуры
_f1906-1998
_gЛев Калистратович
_3RU\NLR\AUTH\770173137
_9173086
712 0 2 _aЛенинградский инженерно-строительный институт
_bНаучная конференция
_d21
_f1963
_3RU\NLR\AUTH\8810087141
_9675951
801 0 _aRU
_bNLR
_gpsbo
801 1 _aRU
_bELAR
_2rusmarc
852 _aNLR
_j63-6/2829
942 _cBOOK
980 _aNB